[Event "FRA-ch U18 Girls"]
[Site "Aix les Bains"]
[Date "2009.04.26"]
[Round "9"]
[White "Argente, Lucie"]
[Black "Hedouin, Priscillia"]
[Result "0-1"]
[WhiteElo "1400"]
[BlackElo "1640"]
[PlyCount "44"]
[EventDate "2009.04.19"]
[EventType "swiss"]
[EventRounds "9"]
[EventCountry "FRA"]
[SourceTitle "CBM 130 Extra"]
[Source "ChessBase"]
[SourceDate "2009.07.02"]
[SourceVersion "2"]
[SourceVersionDate "2009.07.15"]
[SourceQuality "1"]

1. d4 e6 2. e4 d5 3. Nc3 Bb4 4. Bd2 c5 5. dxc5 Bxc5 6. exd5 exd5 7. Qe2+ Be7 8. 0-0-0 Be6 9. Qe5 Bf6 10. Qe1 Ne7 11. Bf4 Ng6 12. Bxb8 Rxb8 13. Bb5+ Kf8 14. a3 a6 15. Ba4 Rc8 16. Kb1 Qb6 17. Nge2 Kg8 18. Ka1 h6 19. g3 Ne5 20. Nd4 Nc4 21. Nb3 Nxa3 22. bxa3 Bxc3+ 0-1

[Event "FRA-ch U18 Girls"]
[Site "Aix les Bains"]
[Date "2009.04.25"]
[Round "8"]
[White "Dauchart, Elaine"]
[Black "Hedouin, Priscillia"]
[Result "1/2-1/2"]
[WhiteElo "1650"]
[BlackElo "1640"]
[PlyCount "74"]
[EventDate "2009.04.19"]
[EventType "swiss"]
[EventRounds "9"]
[EventCountry "FRA"]
[SourceTitle "CBM 130 Extra"]
[Source "ChessBase"]
[SourceDate "2009.07.02"]
[SourceVersion "2"]
[SourceVersionDate "2009.07.15"]
[SourceQuality "1"]

1. e4 e6 2. d4 d5 3. exd5 exd5 4. Nf3 Nf6 5. Bg5 Bf5 6. Bd3 Bg6 7. 0-0 Nbd7 8. Ne5 Be7 9. Nxg6 hxg6 10. Nd2 c6 11. c3 Qc7 12. g3 0-0-0 13. Bf4 Bd6 14. Bxd6 Qxd6 15. Re1 Rh7 16. Qa4 Kb8 17. Qa3 Qc7 18. Re7 Rdh8 19. Nf3 Ng4 20. Rae1 Rd8 21. Re8 Rh8 22. Qe7 Rhxe8 23. Qxe8 Ndf6 24. Qe7 Rd7 25. Qf8+ Qd8 26. Qxd8+ Rxd8 27. Re7 Rf8 28. Ng5 Nh6 29. f3 Ne8 30. Kf2 Nd6 31. g4 Kc8 32. b3 Ng8 33. Re3 Nf6 34. Kg3 Kd7 35. h4 Rg8 36. Kh3 b6 37. Kg3 Rf8 1/2-1/2

[Event "FRA-ch U18 Girls"]
[Site "Aix les Bains"]
[Date "2009.04.20"]
[Round "2"]
[White "Hedouin, Priscillia"]
[Black "Gudefin, Marine"]
[Result "1-0"]
[WhiteElo "1640"]
[BlackElo "1399"]
[PlyCount "87"]
[EventDate "2009.04.19"]
[EventType "swiss"]
[EventRounds "9"]
[EventCountry "FRA"]
[SourceTitle "CBM 130 Extra"]
[Source "ChessBase"]
[SourceDate "2009.07.02"]
[SourceVersion "2"]
[SourceVersionDate "2009.07.15"]
[SourceQuality "1"]

1. e4 e5 2. Nf3 Nc6 3. Nc3 d6 4. d4 Bg4 5. dxe5 Nxe5 6. Be2 Bxf3 7. Bxf3 Nf6 8. Be3 Nc4 9. Qc1 Be7 10. b3 Ne5 11. Be2 d5 12. exd5 Nxd5 13. Nxd5 Qxd5 14. 0-0 0-0 15. Rd1 Qe6 16. Bg5 Bd6 17. Bf4 Rad8 18. Qe3 Rfe8 19. h3 Ng6 20. Qxe6 Rxe6 21. Bxd6 Rexd6 22. Rxd6 cxd6 23. Bc4 d5 24. Bxd5 Rd6 25. Bxb7 Nf4 26. Re1 Kf8 27. Bf3 Rg6 28. Kh2 Nd5 29. Bxd5 Rf6 30. Re2 Rd6 31. c4 Rd8 32. b4 Re8 33. Rb2 Rb8 34. a4 a5 35. b5 h5 36. c5 g5 37. c6 Rd8 38. Bf3 h4 39. b6 Rc8 40. b7 Rxc6 41. Bxc6 Ke7 42. b8Q Kf6 43. Qd6+ Kf5 44. Rb5# 1-0